00938nam a2200265Ia 450000500170000000800410001702000180005804100080007608200170008410000240010124501240012525000180024930000250026749000110029250000520030350400380035565000630039365000420045670000170049826400340051533600270054933700330057633800280060904000350063720220317001858.0170410s2016 c g 000 0 s  a9789585945203 aspa04a303.69bL22i1 aLederach, John Paul13aLa imaginación moralbel arte y el alma de la construcción de la pazcJohn Paul Lederach ; traducción Teresa Toda a1a. edición a350 páginasc22 cm aPlural aIncluye datos biográficos del autor en solapa aIncluye glosario y bibliografía142LEMBaSolución de conflictosvEnsayos, conferencias, etc142LEMBaPazvEnsayos, conferencias, etc1 aToda, Teresa aBogotábSemana Librosc2016 atextobtxt2rdacontent asin mediaciónbn2rdamedia avolumenbnc2rdacarrier aCO-BoRNBPbspaerdacCO-BoRNBP